Un acercamiento a la enseñanza de los valores sociales en la escuela primaria / (Record no. 377)
[ view plain ]
| 000 -CABECERA | |
|---|---|
| campo de control de longitud fija | 00963nam a2200241 a 4500 |
| 005 - FECHA Y HORA DE LA ÚLTIMA TRANSACCIÓN | |
| campo de control | 20230601063705.0 |
| 008 - ELEMENTOS DE LONGITUD FIJA--INFORMACIÓN GENERAL | |
| campo de control de longitud fija | 991125s1997 mx 000 0 spa u |
| 035 ## - NÚMERO DE CONTROL DEL SISTEMA | |
| Número de control de sistema | UPN01000000377 |
| 049 ## - COLECCIÓN | |
| Colección | TES |
| 099 ## - CLASIFICACIÓN LOCAL | |
| Clasificación local | 14567 |
| 100 1# - ASIENTO PRINCIPAL--NOMBRE PERSONAL | |
| Nombre de persona | Hernández Ramírez, Juan José |
| 245 13 - MENCIÓN DE TÍTULO | |
| Título | Un acercamiento a la enseñanza de los valores sociales en la escuela primaria / |
| Mención de responsabilidad, etc. | Juan José Hernández Ramírez, Rosa Ibarra Alba, Angélica Mayorga Ruvalcaba. |
| 260 ## - PUBLICACIÓN, DISTRIBUCIÓN, ETC. | |
| Lugar de publicación, distribución, etc. | Zapopan, Jal. : |
| Nombre del editor, distribuidor, etc. | J. J. Hernández Ramírez, |
| Fecha de publicación, distribución, etc. | 1997. |
| 300 ## - DESCRIPCIÓN FÍSICA | |
| Extensión | 142 h. |
| 500 ## - NOTA GENERAL | |
| Nota general | "Unidad 14E" |
| 502 ## - NOTA DE TESIS | |
| Nota de tesis | Investigación de campo (Lic. en Educación Primaria) -- Universidad Pedagógica Nacional, 1997 |
| 650 #4 - ASIENTO SECUNDARIO DE MATERIA - TERMINO TEMATICO | |
| Término de materia o nombre geográfico como elemento de entrada | Civismo |
| Subdivisión general | Estudio y enseñanza (Elemental) |
| 9 (RLIN) | 2807 |
| 650 #4 - ASIENTO SECUNDARIO DE MATERIA - TERMINO TEMATICO | |
| Término de materia o nombre geográfico como elemento de entrada | Valores sociales |
| 9 (RLIN) | 4177 |
| 700 1# - ASIENTO SECUNDARIO--NOMBRE DE PERSONAL | |
| Nombre de persona | Ibarra Alba, Rosa, |
| Término indicativo de función/relación | coaut. |
| 700 1# - ASIENTO SECUNDARIO--NOMBRE DE PERSONAL | |
| Nombre de persona | Mayorga Ruvalcava, Angélica, |
| Término indicativo de función/relación | coaut. |
| 710 2# - ASIENTO SECUNDARIO - NOMBRE CORPORATIVO | |
| Nombre de entidad corporativa o nombre de jurisdicción como elemento de entrada | Universidad Pedagógica Nacional (México). |
| Unidad subordinada | Unidad 14E |
| 9 (RLIN) | 28434 |
| 905 ## - TIPO DE MATERIAL | |
| Tipo de material | Tesis |
| Estado de retiro | Estado de pérdida | Fuente del sistema de clasificación o colocación | Estado dañado | No para préstamo | Código de colección | Localización permanente | Ubicación/localización actual | Ubicación en estantería | Fecha de adquisición | Clasificación | Código de barras | Fecha visto por última vez | Número de copia | Tipo de ítem Koha |
|---|---|---|---|---|---|---|---|---|---|---|---|---|---|---|
| Library of Congress Classification | Disponible (Préstamo en sala) | Tesis impresas | Bib. Gregorio Torres Quintero | Bib. Gregorio Torres Quintero | Planta alta Repositorios y acceso abierto | 23/02/2023 | 14567 | 54437 | 31/12/2020 | 1 | Libro |
